LEADER 01025nam0-2200337---450- 001 990008300430403321 005 20060327105954.0 010 $a0822323354 035 $a000830043 035 $aFED01000830043 035 $a(Aleph)000830043FED01 035 $a000830043 100 $a20060322d1998----km-y0itay50------ba 101 0 $aeng 102 $aUS 200 1 $aFrom interwar pluralism to postwar neoclassicism$fedited by Mary S. Morgan and Malcolm Rutherford 210 $aDurham$cDuke university press$d1998 215 $aVI, 325 p.$d24 cm. 311 $aSuppl. annuale al vol. 30 History of political economy 610 0 $aEconomia$aTeorie$aStati Uniti d'America 676 $a330.05 676 $a330.097 3 702 1$aMorgan,$bMary S. 702 1$aRutherford,$bMalcolm 801 0$aIT$bUNINA$gRICA$2UNIMARC 901 $aBK 912 $a990008300430403321 952 $aXI A 2736$b35325$fFSPBC 959 $aFSPBC 996 $aFrom interwar pluralism to postwar neoclassicism$9746235 997 $aUNINA LEADER 01122nam 2200361 450 001 9910481038203321 010 $a1-4438-9294-7 035 $a(CKB)3710000000736299 035 $a(MiAaPQ)EBC4567507 035 $a(EXLCZ)993710000000736299 100 $a20160714h20162016 uy 0 101 0 $aeng 135 $aurcnu|||||||| 181 $2rdacontent 182 $2rdamedia 183 $2rdacarrier 200 04$aThe safe operating space treaty $ea new approach to managing our use of the earth system /$fedited by Paulo Magalha?es [and four others] 210 1$aNewcastle upon Tyne, England :$cCambridge Scholars Publishing,$d2016. 210 4$dİ2016 215 $a1 online resource (319 pages) 311 $a1-4438-8903-2 606 $aEarth sciences$xComputer simulation 608 $aElectronic books. 615 0$aEarth sciences$xComputer simulation. 676 $a550.285 702 $aMagalha?es$b Paulo 801 0$bMiAaPQ 801 1$bMiAaPQ 801 2$bMiAaPQ 906 $aBOOK 912 $a9910481038203321 996 $aThe safe operating space treaty$91923691 997 $aUNINA